U.K. city flags quiz №1 - Statistics

General Stats
  • This quiz has been taken 24 times
  • The average score is 5 of 10
Answer Stats
Picture Answer % Correct
Manchester
89%
London
78%
Belfast
56%
Birmingham
56%
Edinburgh
56%
Aberdeen
44%
Glasgow
44%
Plymouth
44%
Southampton
39%
Swansea
39%
No matching quizzes found
Score Distribution
Percent of People with Each Score
Percentile by Number Answered
Your Score History
You have not taken this quiz